000 00955nam a22003017a 4500
001 BR7804236
003 BR-BrBNA
005 20230928085639.0
007 ta
008 230509b bl.||||| |||| 00| 0 por d
040 _aBR-BrBNA
_bpor
_cBiblioteca Nacional de Agricultura
041 _a(Por)
072 _aE70; Q10; F10
_b/G514
090 _ E70 BR7804236
110 1 _aCompanhia Brasileira de Armazenamento, Brasilia, DF
_92306
245 1 _aProposta de reajuste de tarifas para 1979. Armazenagem e prestacao de servicos em ambiente artificial: unidades armazenadoras a frio [Brasil]
260 3 _aBrasilia, DF (Brasil):
_c[nd].
300 _a31 p.
500 _aNumerical data; Published 1978?
650 _aComercializacao
650 _aTecnologia de alimento
650 _aArmazenamento de alimento
650 _aTarifa
650 _aIndustria alimenticia
650 _aFrio
909 _a202309
_bLucia
_c55
_dLucia Elande
942 _cBK
999 _c25570
_d25570